Automata on infinite objects and Church's problem

Αποθηκεύτηκε σε:
Λεπτομέρειες βιβλιογραφικής εγγραφής
Κύριος συγγραφέας: Rabin, Michael Oser 1931-
Μορφή: Βιβλίο
Γλώσσα:English
Δημοσίευση: Providence, R.I. : Published for the Conference Board of the Mathematical Sciences by the American Mathematical Society, [1972]
Σειρά:Regional conference series in mathematics ; ; 13
Θέματα:
Ετικέτες: Προσθήκη ετικέτας
Δεν υπάρχουν, Καταχωρήστε ετικέτα πρώτοι!

MARC

LEADER 00000cam a2200000 i 4500
001 1/46834
008 941103s1972 eng d
020 |a 0821816632 
035 |l 10042902 
040 |a GR-MY-UA  |b gre  |e aacr 
041 0 |a eng 
082 0 |a 629.892 
100 1 |a Rabin, Michael Oser  |d 1931- 
245 1 0 |a Automata on infinite objects and Church's problem /  |c by Michael O. Rabin 
260 |a Providence, R.I. :   |b Published for the Conference Board of the Mathematical Sciences by the American Mathematical Society,   |c [1972] 
300 |a 22 p;  |c 26 cm 
490 1 |a Regional conference series in mathematics  |v ; 13 
500 |a "Expository lectures from the CBMS regional conference held at Morehouse College, Atlanta, Georgia, September 8-12, 1969." 
504 |a Bibliography: p. 22 
650 0 0 |a Machine theory. 
650 0 0 |a Combinatorial analysis. 
830 0 |a Regional conference series in mathematics ;  |v ; 13 
852 |a INST  |b SAMOS  |e 19941103  |h 629.892 RAB  |p 005300007451  |q 005300007451  |t BK  |y 0 
909 |a Σ  |b 033605